Daňová povinnosť a vystavovanie faktúr pri dodaní služieb v tuzemsku
Povinnosť vyhotoviť faktúru pri dodaní služby v tuzemsku. Daňová povinnosť pri dodaní služby zahraničnou osobou. Dodanie služby vo vlastnom mene na účet inej osoby. Dodanie služby podľa par. 9 ods. 2 a 3 zákona o DPH. Ilustračné príklady.
Salvato in:
| Autore principale: | |
|---|---|
| Natura: | Capitolo di libro |
| Lingua: | slovacco |
| Soggetti: | |
| Tags: |
Nessun Tag, puoi essere il primo ad aggiungerne!!
|
MARC
| LEADER | 00000naa$a2200000$$$4500 | ||
|---|---|---|---|
| 001 | 0031858 | ||
| 005 | 20231109113948.4 | ||
| 041 | 0 | |a slo | |
| 044 | |a SK | ||
| 245 | 1 | 0 | |a Daňová povinnosť a vystavovanie faktúr pri dodaní služieb v tuzemsku |c Ján Mintál |
| 520 | |a Povinnosť vyhotoviť faktúru pri dodaní služby v tuzemsku. Daňová povinnosť pri dodaní služby zahraničnou osobou. Dodanie služby vo vlastnom mene na účet inej osoby. Dodanie služby podľa par. 9 ods. 2 a 3 zákona o DPH. Ilustračné príklady. | ||
| 610 | 2 | 0 | |a povinnosť daňová |
| 610 | 2 | 0 | |a faktúry |
| 610 | 2 | 0 | |a služby |
| 610 | 2 | 0 | |a dane z hodnoty pridanej |
| 610 | 2 | 0 | |a osoby zahraničné |
| 610 | 2 | 0 | |a odpočet dane |
| 610 | 2 | 0 | |a daňovníci |
| 610 | 2 | 0 | |a doklady daňové |
| 100 | 1 | |a Mintál, Ján | |